000 00658nam a2200205 a 4500
001 000249544
003 AM-YeHGA
005 20250618071656.0
008 030722s1904 ru 000 | arm d
040 _aAM-YeHGA
041 0 _aarm
100 1 _aՊետրով, Գր.
245 1 0 _aՆոր լոյս :
_bՄանր պատմուածքներ /
_cԳր. քահ. Պետրօվ.
260 _aՍ.-Պետերբուրգ :
_bտպ. Պուշկինեան,
_c1904.
300 _a108 էջ ;
_c16 սմ.
440 0 _aՄեր էժանագին գրադարանը
650 1 4 _aՌուս գրականություն
_xՊատմվածք
_94645
942 _2udc
_cBK
090 _c90564
999 _c89277
_d89277